Психология бизнеса. Теория и практика: учебник для магистров

Dettagli Bibliografici
Ente Autore: Высшая школа экономики (ВШЭ) Национальный исследовательский университет (НИУ)
Altri autori: Иванова Н. Л. Наталья Львовна (редактор), Штроо В. А. Владимир Артурович, Антонова Н. В. Наталья Викторовна
Riassunto:В учебнике представлена авторская концепция психологии бизнеса как прикладной области психологической науки, в основе которой лежат понимание бизнеса как деятельности и анализ основных составляющих бизнеса: личности субъекта бизнеса, организации как формы функционирования бизнеса и потребителя как конечной цели и фактора бизнес-деятельности. Отражены результаты научных исследований авторов в рамках работы в лаборатории «Психология бизнеса» НИУ ВШЭ над проектом «Самоопределение личности в бизнесе: модели и подходы» в 2010—2012 гг. Для лучшего усвоения материала студентами представлены авторские наработки по организации самостоятельной работы студентов, в конце каждой главы помещены проектные задания и анализ кейсов, а также инструментарий для работы бизнес-психолога в различных сферах бизнеса, вопросы и задания для самоконтроля и задания-проекты для развития практических навыков. Учебник соответствует требованиям Федерального государственного образовательного стандарта высшего профессионального образования третьего поколения. Для студентов магистратуры, обучающихся по направлению «Психология» (по магистерской программе «Психология в бизнесе»), а также магистрантов экономических специальностей, изучающих психологические аспекты бизнеса, аспирантов и преподавателей. Может быть использован предпринимателями и менеджерами в целях повышения эффективности управления персоналом.
Lingua:russo
Pubblicazione: Москва, Юрайт, 2014
Serie:Магистр
Soggetti:
Natura: MixedMaterials Libro
KOHA link:https://koha.lib.tpu.ru/cgi-bin/koha/opac-detail.pl?biblionumber=263554

MARC

LEADER 00000nam0a2200000 4500
001 263554
005 20231101233741.0
010 |a 9785991629720 
035 |a (RuTPU)RU\TPU\book\286539 
090 |a 263554 
100 |a 20140609d2014 m y0rusy50 ca 
101 0 |a rus 
102 |a RU 
105 |a y j 001zy 
200 1 |a Психология бизнеса. Теория и практика  |e учебник для магистров  |f Высшая школа экономики (ВШЭ), Национальный исследовательский университет (НИУ) ; под ред. Н. Л. Ивановой ; В. А. Штроо ; Н. В. Антоновой 
210 |a Москва  |c Юрайт  |d 2014 
215 |a 510 с.  |c ил. 
225 1 |a Магистр 
320 |a Библиогр.: с. 507-509. 
330 |a В учебнике представлена авторская концепция психологии бизнеса как прикладной области психологической науки, в основе которой лежат понимание бизнеса как деятельности и анализ основных составляющих бизнеса: личности субъекта бизнеса, организации как формы функционирования бизнеса и потребителя как конечной цели и фактора бизнес-деятельности. Отражены результаты научных исследований авторов в рамках работы в лаборатории «Психология бизнеса» НИУ ВШЭ над проектом «Самоопределение личности в бизнесе: модели и подходы» в 2010—2012 гг. Для лучшего усвоения материала студентами представлены авторские наработки по организации самостоятельной работы студентов, в конце каждой главы помещены проектные задания и анализ кейсов, а также инструментарий для работы бизнес-психолога в различных сферах бизнеса, вопросы и задания для самоконтроля и задания-проекты для развития практических навыков. Учебник соответствует требованиям Федерального государственного образовательного стандарта высшего профессионального образования третьего поколения. Для студентов магистратуры, обучающихся по направлению «Психология» (по магистерской программе «Психология в бизнесе»), а также магистрантов экономических специальностей, изучающих психологические аспекты бизнеса, аспирантов и преподавателей. Может быть использован предпринимателями и менеджерами в целях повышения эффективности управления персоналом. 
606 1 |a Бизнес  |x Психология  |2 stltpush  |3 (RuTPU)RU\TPU\subj\28636  |9 52151 
610 1 |a психология 
610 1 |a бизнес 
610 1 |a успех 
610 1 |a потребительское поведение 
610 1 |a бизнес-деятельность 
610 1 |a принятие решений 
610 1 |a личность 
610 1 |a самоопределение 
610 1 |a профессиональные деформации 
610 1 |a стресс 
610 1 |a стрессоустойчивость 
610 1 |a коучинг 
610 1 |a психологическая помощь 
610 1 |a маркетинг 
610 1 |a имидж 
610 1 |a бренд 
610 1 |a опросники 
610 1 |a учебные пособия 
686 |a Ю949.3я73  |v LBC/SL-A  |2 rubbk 
702 1 |a Иванова  |b Н. Л.  |g Наталья Львовна  |4 340 
702 1 |a Штроо  |b В. А.  |g Владимир Артурович  |4 340 
702 1 |a Антонова  |b Н. В.  |g Наталья Викторовна  |4 340 
712 0 2 |a Высшая школа экономики (ВШЭ)  |b Национальный исследовательский университет (НИУ)  |c (Москва)  |c (2010- )  |2 stltpush  |3 (RuTPU)RU\TPU\col\17951 
801 1 |a RU  |b 63413507  |c 20140609 
801 2 |a RU  |b 63413507  |c 20150630  |g RCR 
942 |c BK 
959 |a 102/20140609  |d 2  |e 499,00  |f ЧЗГЛ:1  |f АНЛ:1